Austria Players Biggest Transfers - Statistics

General Stats
  • This quiz has been taken 72 times
  • The average score is 52 of 146
Answer Stats
Player From Joined % Correct
CM Marcel Sabitzer 23/24 Bayern Munich Borussia Dortmund
98%
CM Marcel Sabitzer 21/22 RB Leipzig Bayern Munich
98%
CM Marcel Sabitzer 14/15 Rapid Vienna RB Leipzig
98%
ST Marko Arnautovic 19/20 West Ham United Shanghai SIPG
96%
ST Marko Arnautovic 17/18 Stoke City West Ham United
96%
ST Marko Arnautovic 10/11 Twente Werder Bremen
96%
ST Marko Arnautovic 21/22 Shanghai Port Bologna
96%
ST Marko Arnautovic 13/14 Werder Bremen Stoke City
96%
AM Christoph Baumgartner 23/24 Hoffenheim RB Leipzig
80%
CM Konrad Laimer 17/18 RB Salzburg RB Leipzig
80%
CB Aleksandar Dragovic 16/17 Dynamo Kyiv Bayer Leverkusen
69%
CB Aleksandar Dragovic 13/14 Basel Dynamo Kyiv
69%
CB Aleksandar Dragovic 17/18 Bayer Leverkusen Leicester City
69%
CB Aleksandar Dragovic 10/11 Austria Vienna Basel
69%
RM Valentino Lazaro 19/20 Hertha Berlin Inter Milan
69%
RM Valentino Lazaro 18/19 RB Salzburg Hertha Berlin
69%
RM Valentino Lazaro 23/24 Inter Milan Torino
69%
RM Valentino Lazaro 19/20 Inter Milan Newcastle United
69%
RM Valentino Lazaro 20/21 Inter Milan Borussia Monchengladbach
69%
CB Kevin Wimmer 17/18 Tottenham Hotspur Stoke City
67%
CB Kevin Wimmer 15/16 Koln Tottenham Hotspur
67%
CB Kevin Wimmer 18/19 Stoke City Hannover
67%
RW Patrick Wimmer 22/23 Arminia Bielefeld Wolfsburg
67%
CM Xaver Schlager 22/23 Wolfsburg RB Leipzig
67%
CM Xaver Schlager 19/20 RB Salzburg Wolfsburg
67%
ST Sasa Kalajdzic 22/23 Stuttgart Wolverhampton Wanderers
65%
ST Sasa Kalajdzic 19/20 Admira Wacker Stuttgart
65%
RB Stefan Lainer 19/20 RB Salzburg Borussia Monchengladbach
63%
CB Martin Hinteregger 16/17 RB Salzburg Augsburg
61%
CB Martin Hinteregger 19/20 Augsburg Eintracht Frankfurt
61%
CB Martin Hinteregger 15/16 RB Salzburg Borussia Monchengladbach
61%
CM Nicolas Seiwald 23/24 RB Salzburg RB Leipzig
61%
DM Julian Baumgartlinger 16/17 Mainz Bayer Leverkusen
57%
DM Julian Baumgartlinger 11/12 Austria Vienna Mainz
57%
RB Stefan Posch 23/24 Hoffenheim Bologna
57%
CB Kevin Danso 21/22 Augsburg Lens
55%
CB Kevin Danso 19/20 Augsburg Southampton
55%
CB Maximilian Wober 22/23 RB Salzburg Leeds United
55%
CB Maximilian Wober 19/20 Ajax Sevilla
55%
CB Maximilian Wober 19/20 Sevilla RB Salzburg
55%
CB Maximilian Wober 17/18 Rapid Vienna Ajax
55%
ST Michael Gregoritsch 17/18 Hamburg Augsburg
55%
ST Michael Gregoritsch 15/16 Bochum Hamburg
55%
LB Christian Fuchs 11/12 Mainz Schalke
53%
LB Christian Fuchs 11/12 Bochum Mainz
53%
LB Christian Fuchs 08/09 Mattersburg Bochum
53%
AM Alessandro Schopf 15/16 Nuremberg Schalke
51%
LW Florian Kainz 16/17 Rapid Vienna Werder Bremen
51%
LW Florian Kainz 18/19 Werder Bremen Koln
51%
CB Phlipp Lienhart 18/19 Real Madrid Freiburg
49%
ST Guido Burgstaller 16/17 Nuremberg Schalke
43%
CB Marco Friedl 19/20 Bayern Munich Werder Bremen
43%
ST Marc Janko 10/11 RB Salzburg Twente
41%
ST Marc Janko 11/12 Twente Porto
41%
ST Marc Janko 12/13 Porto Trabzonspor
41%
ST Toni Polster 87/88 Austria Vienna Torino
41%
ST Toni Polster 92/93 Logrones Rayo Vallecano
41%
ST Toni Polster 98/99 Koln Borussia Monchengladbach
41%
CB Sebastian Prodl 08/09 Sturm Graz Werder Bremen
39%
LW Hannes Wolf 19/20 RB Salzburg RB Leipzig
37%
LW Hannes Wolf 21/22 RB Leipzig Borussia Monchengladbach
37%
LW Hannes Wolf 20/21 RB Leipzig Borussia Monchengladbach
37%
ST Junior Adamu 23/24 RB Salzburg Freiburg
37%
RW Martin Harnik 18/19 Hannover Werder Bremen
37%
DM Stefan Ilsanker 15/16 RB Salzburg RB Leipzig
35%
AM Andreas Herzog 95/96 Werder Bremen Bayern Munich
33%
AM Andreas Herzog 96/97 Bayern Munich Werder Bremen
33%
AM Andreas Herzog 92/93 Rapid Vienna Werder Bremen
33%
AM Romano Schmid 18/19 RB Salzburg Werder Bremen
33%
CB Emanuel Pogatetz 05/06 Bayer Leverkusen Middlesbrough
31%
CB Emanuel Pogatetz 12/13 Hannover Wolfsburg
31%
CB Emanuel Pogatetz 01/02 Karnten Bayer Leverkusen
31%
CB Gernot Trauner 21/22 LASK Feyenoord
31%
RB Phillipp Mwene 23/24 PSV Mainz
29%
AM Andreas Ivanschitz 05/06 Rapid Vienna RB Salzburg
27%
AM Andreas Ivanschitz 08/09 RB Salzburg Panathinaikos
27%
AM Andreas Ivanschitz 09/10 Panathinaikos Mainz
27%
AM Andreas Weimann 15/16 Aston Villa Derby
27%
AM Andreas Weimann 18/19 Derby County Bristol City
27%
RW Yusuf Demir 22/23 Rapid Vienna Galatasaray
27%
CB Christoph Klarer 23/24 Fortuna Dusseldorf Darmstadt
25%
GK Alexander Manninger 08/09 Udinese Juventus
22%
GK Alexander Manninger 08/09 Siena Udinese
22%
GK Alexander Manninger 97/98 Grazer AK Arsenal
22%
GK Alexander Manninger 02/03 Arsenal Espanyol
22%
AM Kevin Stoger 15/16 Stuttgart Paderborn
22%
AM Louis Schaub 18/19 Rapid Vienna Koln
22%
CB Martin Stranzl 05/06 Stuttgart Spartak Moscow
22%
RB Mortiz Bauer 17/18 Rubin Kazan Stoke City
20%
RB Mortiz Bauer 16/17 Grasshoppers Rubin Kazan
20%
CB Devid Nemeth 22/23 Mainz St. Pauli
18%
ST Erwin Hoffer 09/10 Rapid Vienna Napoli
18%
AM Herbert Prohaska 80/81 Austria Vienna Inter Milan
18%
SS Nikola Dovedan 19/20 Heidenheim Nuremberg
18%
ST Adrian Grbic 20/21 Clermont Foot Lorient
16%
GK Cican Stankovic 15/16 Grodig RB Salzburg
16%
GK Cican Stankovic 21/22 RB Salzburg AEK Athens
16%
CB Flavius Daniliuc 22/23 Nice Salernitana
16%
RB Gyorgy Garics 10/11 Atalanta Bologna
16%
RB Gyorgy Garics 08/09 Napoli Atalanta
16%
LB Markus Suttner 17/18 Ingolstadt Brighton & Hove Albion
16%
ST Stefan Maierhofer 09/10 Rapid Vienna Wolverhampton Wanderers
16%
ST Stefan Maierhofer 11/12 Wolverhampton Wanderers RB Salzburg
16%
ST Philipp Hosiner 14/15 Austria Vienna Rennes
14%
GK Ramazan Ozcan 08/09 RB Salzburg Hoffenheim
14%
ST Roland Linz 07/08 Boavista Braga
14%
ST Roland Linz 01/02 Leoben Austria Vienna
14%
ST Benedikt Pichler 21/22 Austria Vienna Holstein Kiel
12%
CM Christoph Leitgeb 07/08 Sturm Graz RB Salzburg
12%
ST Jakob Jantscher 12/13 RB Salzburg Dynamo Kyiv
12%
ST Jakob Jantscher 10/11 Sturm Graz RB Salzburg
12%
ST Marco Djuricin 14/15 Sturm Graz RB Salzburg
12%
ST Mario Haas 99/00 Sturm Graz Strasbourg
12%
ST Mario Haas 00/01 Strasbourg Sturm Graz
12%
CB Martin Hiden 97/98 Rapid Vienna Leeds United
12%
DM Paul Scharner 05/06 Brann Wigan Athletic
12%
CM Peter Zulj 18/19 Sturm Graz Anderlecht
12%
DM Rene Aufhauser 05/06 Grazer AK RB Salzburg
12%
LW Umit Korkmaz 08/09 Rapid Vienna Eintracht Frankfurt
12%
DM Yasin Pehlivan 11/12 Rapid Vienna Gaziantepspor
12%
CB Emanuel Aiwu 22/23 Rapid Vienna Cremonese
10%
GK Franz Wohlfahrt 96/97 Austria Vienna Stuttgart
10%
ST Patrick Schmidt 19/20 Admira Wacker Barnsley
10%
ST Roman Wallner 10/11 LASK RB Salzburg
10%
LB Stefan Stangl 16/17 Rapid Vienna RB Salzburg
10%
RW Thomas Murg 20/21 Rapid Vienna PAOK
10%
CB Dario Maresic 19/20 Sturm Graz Reims
8%
RB Ekrem Dag 08/09 Gaziantepspor Besiktas
8%
ST Marko Raguz 22/23 LASK Austria Vienna
8%
CB Albert Vallci 22/23 RB Salzburg St. Gallen
6%
GK Dejan Stojanovic 19/20 St. Gallen Middlesbrough
6%
RM Markus Schopp 96/97 Sturm Graz Hamburg
6%
AM Markus Weissenberger 01/02 Arminia Bielefeld 1860 Munich
6%
CB Ronald Gercaliu 05/06 Sturm Graz RB Salzburg
6%
ST Walter Schachner 83/84 Cesena Torino
6%
CB Emir Dilaver 20/21 Dinzamo Zagreb Caykur Rizespor
4%
CB Georg Margreitter 12/13 Austria Vienna Wolverhampton Wanderers
4%
ST Gerhard Rodax 90/91 Admira Wacker Atletico Madrid
4%
CM Konstantin Kerschbaumer 18/19 Brentford Ingolstadt
4%
ST Marcus Purk 99/00 Rapid Vienna 1860 Munich
4%
ST Martin Pusic 14/15 Esbjerg Midtjylland
4%
DM Robert Gucher 09/10 Frosinone Genoa
4%
ST Arnel Jakupovic 16/17 Middlesbrough Empoli
2%
CB Michael Madl 16/17 Sturm Graz Fulham
2%
RB Tanju Kayhan 11/12 Rapid Vienna Besiktas
2%
ST Thorsten Rocher 18/19 Sturm Graz Ingolstadt
2%
No matching quizzes found
Score Distribution
Percent of People with Each Score
Percentile by Number Answered
Your Score History
You have not taken this quiz